Sports Quiz

Random Sports or MLB Quiz

MLB Team by M-L-B Quiz Stats

 Plays Quiz Updated Apr 20, 2018

Challenge
Share
Tweet
Embed
Score 0/13 Timer 02:00
0 Plays Today
MLB Pattern MLB Team % Correct
B L _ _    _ _ _ _Blue Jays
91.8%
M _ _ _Mets
89.4%
_ _ B _Cubs
79.3%
M _ _ L _ _ _Marlins
75.8%
M _ _ _ _ _ _ _Mariners
71.1%
B _ _ _ _ _ _Brewers
67.5%
B _ _ _ _ _Braves
66%
_ _ _ _ _ _ _ L _Cardinals/Nationals
63.4%
_ _ _ M _ _ _ B _ _ _ _Diamondbacks
57.1%
_ _ _ L L _ _ _Phillies
53%
_ _ _ _ L _Angels/Royals
52.7%
_ _ _ _ L _ _Orioles
46.6%
_ _ _ L _ _ _ _ _Athletics
26.4%

You're not logged in!

Compare scores with friends on all Sporcle quizzes.
Join for Free
OR
Log In

You Might Also Like...

Show Comments

Extras

Top Quizzes Today


Score Distribution

Your Account Isn't Verified!

In order to create a playlist on Sporcle, you need to verify the email address you used during registration. Go to your Sporcle Settings to finish the process.

Report this User

Report this user for behavior that violates our Community Guidelines.

Details: